Encyclopédie méthodique (Record no. 153650)

MARC details
000 -LEADER
campo de control de longitud fija 00975nam a2200241 i 4500
001 - NÚMERO DE CONTROL
campo de control 153650
003 - IDENTIFICADOR DE NÚMERO DE CONTROL
campo de control ES-MaACL
005 - FECHA Y HORA DE LA ÚLTIMA TRANSACCIÓN
campo de control 20230906205326.0
008 - DATOS DE LONGITUD FIJA--INFORMACIÓN GENERAL
campo de control de longitud fija 050722m17841786it | |||||||| ||fre d
245 00 - MENCIÓN DEL TÍTULO
Título Encyclopédie méthodique
Resto del título : tomer premier [-tomer premier seconde partie].
250 ## - MENCION DE EDICION
Mención de edición Nouvelle édition enrichie de remarques...
260 ## - PUBLICACIÓN, DISTRIBUCIÓN, ETC.
Lugar de publicación, distribución, etc. A Padoue :
Nombre del editor, distribuidor, etc. [s.n.],
Fecha de publicación, distribución, etc. 1784-1786.
300 ## - DESCRIPCIÓN FÍSICA
Extensión VIII, 398; [2], 401-814 p. ;
Dimensiones Fol.
594 ## - Nota al título y mención de responsabilidad
Nota al título y mención de responsabilidad Tít. de antep.: Encyclopédie méthodique ou par ordre de matieres par une société de gens de lettres de savant et d'artistes ...
595 ## -
-- Mención de ed. precede a subtít.
597 ## - NOTA DE DESCRIPCIÓN FÍSICA
NOTA DE DESCRIPCIÓN FÍSICA Sign.: []2, ap, A-54, 5K3.
597 ## - NOTA DE DESCRIPCIÓN FÍSICA
NOTA DE DESCRIPCIÓN FÍSICA Port. con grab. calc.: "Alessandri et Scattaglia scul."
597 ## - NOTA DE DESCRIPCIÓN FÍSICA
NOTA DE DESCRIPCIÓN FÍSICA Cada parte con port. propia.
597 ## - NOTA DE DESCRIPCIÓN FÍSICA
NOTA DE DESCRIPCIÓN FÍSICA Antep. en tome premier.
597 ## - NOTA DE DESCRIPCIÓN FÍSICA
NOTA DE DESCRIPCIÓN FÍSICA Texto a dos col.
650 #4 - PUNTO DE ACCESO ADICIONAL DE MATERIA--TÉRMINO DE MATERIA
Término de materia o nombre geográfico como elemento de entrada Enciclopedias.
9 (RLIN) 12235
852 ## - LOCALIZACIÓN
Ubicación ES-MaACL
Número de control de estantería R-113-18
Nota libre - Enc. hol.
Encuadernación Olim: C.2277-82
Holdings
Estatus retirado Estado de pérdida Estado de daño No para préstamo Colección Biblioteca de origen Biblioteca actual Ubicación en estantería Fecha de adquisición Total de préstamos Signatura topográfica completa Código de barras Visto por última vez Precio de reemplazo Tipo de ítem Koha
        Colección de referencia Biblioteca del Ateneo de Madrid Biblioteca del Ateneo de Madrid Depósito 17/01/2008   R-113-18 1160631 23/02/2023 23/02/2023 Libro impreso antiguo